[Event "GER-chT Betriebe 15th"]
[Site "Munich"]
[Date "2015.10.22"]
[Round "2.1"]
[White "Gempe, Thomas"]
[Black "Nikolic, Predrag"]
[Result "0-1"]
[WhiteElo "2210"]
[BlackElo "2603"]
[PlyCount "106"]
[EventDate "2015.10.22"]
[EventType "team-swiss"]
[EventRounds "7"]
[EventCountry "GER"]
[SourceTitle "EXT 2020"]
[Source "ChessBase"]
[SourceDate "2019.10.17"]
[SourceVersion "1"]
[SourceVersionDate "2019.10.17"]
[SourceQuality "1"]
[WhiteTeam "Muenchen ADAC"]
[BlackTeam "Muenchen EPA"]
[WhiteTeamCountry "GER"]
[BlackTeamCountry "GER"]

1. d4 d5 2. c4 dxc4 3. e4 Nc6 4. d5 Ne5 5. Bf4 Ng6 6. Bg3 Nf6 7. Nc3 e5 8. Bxc4 Bd6 9. Bb5+ Bd7 10. Bxd7+ Qxd7 11. Nge2 0-0 12. 0-0 Rfc8 13. f3 c6 14. Bf2 Qe7 15. Ng3 Nh4 16. Rc1 Bc5 17. Kh1 Bxf2 18. Rxf2 cxd5 19. Nxd5 Nxd5 20. exd5 h6 21. Rfc2 Rxc2 22. Rxc2 Rd8 23. Rd2 Qd6 24. Qa4 Qc5 25. Qd1 f5 26. d6 Rd7 27. h3 Qc4 28. Rc2 Qe6 29. Rd2 Qxa2 30. Qc2 Qe6 31. Qa4 e4 32. fxe4 f4 33. Nf5 Nxf5 34. exf5 Qxf5 35. Kh2 f3 36. gxf3 Rxd6 37. Rxd6 Qe5+ 38. Kh1 Qxd6 39. Qb3+ Kh7 40. Qxb7 a5 41. Kg2 Qd4 42. Qb5 a4 43. Qf5+ Kg8 44. Qc8+ Kf7 45. Qc7+ Ke6 46. Qc6+ Ke5 47. Qe8+ Kf4 48. Qe2 h5 49. Qc2 h4 50. b3 axb3 51. Qxb3 Qd2+ 52. Kf1 Kg3 53. f4+ Kh2 0-1

[Event "GER-chT Betriebe 15th"]
[Site "Munich"]
[Date "2015.10.22"]
[Round "1.1"]
[White "Ungerer, Markus"]
[Black "Gempe, Thomas"]
[Result "0-1"]
[WhiteElo "2131"]
[BlackElo "2210"]
[PlyCount "98"]
[EventDate "2015.10.22"]
[EventType "team-swiss"]
[EventRounds "7"]
[EventCountry "GER"]
[SourceTitle "EXT 2020"]
[Source "ChessBase"]
[SourceDate "2019.10.17"]
[SourceVersion "1"]
[SourceVersionDate "2019.10.17"]
[SourceQuality "1"]
[WhiteTeam "Stuttgart Wuestenrot&Wuertt"]
[BlackTeam "Muenchen ADAC"]
[WhiteTeamCountry "GER"]
[BlackTeamCountry "GER"]

1. e4 c5 2. Nf3 d6 3. Bb5+ Bd7 4. Bxd7+ Qxd7 5. 0-0 Nf6 6. Qe2 Nc6 7. c3 e6 8. d4 cxd4 9. cxd4 d5 10. exd5 Nxd5 11. Nc3 Be7 12. Qe4 0-0 13. Bg5 Bxg5 14. Nxg5 Nf6 15. Qh4 Qxd4 16. Nce4 h6 17. Nxf6+ Qxf6 18. Nf3 Qxh4 19. Nxh4 Nd4 20. f4 Rfd8 21. Rf2 Rac8 22. Kf1 g5 23. fxg5 hxg5 24. Nf3 Nxf3 25. gxf3 Rd4 26. Re1 Rc6 27. Re5 f6 28. Rb5 b6 29. Kg2 Kf7 30. Kg3 Rc1 31. Rb3 Rg1+ 32. Rg2 Rxg2+ 33. Kxg2 Rd2+ 34. Kg3 f5 35. h4 gxh4+ 36. Kxh4 Rg2 37. Kh3 Rg7 38. a4 Kf6 39. Rb5 e5 40. a5 bxa5 41. Rxa5 f4 42. Kh2 Kf5 43. Ra4 Ke6 44. Ra5 Rg3 45. Rxa7 Rxf3 46. Kg2 Rb3 47. Ra2 Kf5 48. Kf2 Kg4 49. Ke2 e4 0-1

[Event "GER CupT final"]
[Site "Berlin"]
[Date "2013.06.08"]
[Round "1.8"]
[White "Glantz, Robert"]
[Black "Gempe, Thomas"]
[Result "1-0"]
[WhiteElo "2300"]
[BlackElo "2227"]
[PlyCount "57"]
[EventDate "2013.06.08"]
[EventType "team-k.o."]
[EventRounds "2"]
[EventCountry "GER"]
[SourceTitle "EXT 2017"]
[Source "ChessBase"]
[SourceDate "2016.10.25"]
[SourceVersion "1"]
[SourceVersionDate "2016.10.25"]
[SourceQuality "1"]
[WhiteTeam "Kreuzberg"]
[BlackTeam "Leipzig SG"]
[WhiteTeamCountry "GER"]
[BlackTeamCountry "GER"]

1. e4 c5 2. Nf3 d6 3. d4 cxd4 4. Nxd4 Nf6 5. Nc3 g6 6. Be3 Bg7 7. f3 0-0 8. Qd2 Nc6 9. 0-0-0 Bd7 10. Kb1 Qa5 11. g4 Rfc8 12. h4 Ne5 13. Be2 Nc4 14. Bxc4 Rxc4 15. Nb3 Qd8 16. h5 Qf8 17. hxg6 fxg6 18. e5 dxe5 19. g5 Be6 20. gxf6 exf6 21. Na5 Rc7 22. Qd6 Qf7 23. Nb3 Bf8 24. Qd2 Bb4 25. Bh6 Re8 26. Qe3 Rec8 27. Rh2 Bxc3 28. bxc3 Rxc3 29. Qxc3 1-0

[Event "Oberliga Ost-A 1213"]
[Site "Germany"]
[Date "2013.04.14"]
[Round "11.1"]
[White "Gempe, Thomas"]
[Black "Feige, Manuel"]
[Result "1/2-1/2"]
[WhiteElo "2267"]
[BlackElo "2400"]
[PlyCount "23"]
[EventDate "2012.10.14"]
[EventType "team-tourn"]
[EventRounds "11"]
[EventCountry "GER"]
[SourceTitle "EXT 2014"]
[Source "ChessBase"]
[SourceDate "2013.11.20"]
[SourceVersion "1"]
[SourceVersionDate "2013.11.20"]
[SourceQuality "1"]
[WhiteTeam "Leipzig SG II"]
[BlackTeam "Chemnitz"]
[WhiteTeamCountry "GER"]
[BlackTeamCountry "GER"]

1. d4 Nf6 2. c4 g6 3. Nc3 Bg7 4. e4 d6 5. Nf3 0-0 6. Be2 Na6 7. 0-0 e5 8. Be3 Ng4 9. Bg5 f6 10. Bc1 Nh6 11. Rb1 Nf7 12. dxe5 1/2-1/2

[Event "Oberliga Ost-A 1213"]
[Site "Germany"]
[Date "2013.03.17"]
[Round "9.1"]
[White "Orsag, Milan"]
[Black "Gempe, Thomas"]
[Result "1-0"]
[WhiteElo "2405"]
[BlackElo "2267"]
[PlyCount "79"]
[EventDate "2012.10.14"]
[EventType "team-tourn"]
[EventRounds "11"]
[EventCountry "GER"]
[SourceTitle "EXT 2014"]
[Source "ChessBase"]
[SourceDate "2013.11.20"]
[SourceVersion "1"]
[SourceVersionDate "2013.11.20"]
[SourceQuality "1"]
[WhiteTeam "Hoyerswerda"]
[BlackTeam "Leipzig SG II"]
[WhiteTeamCountry "GER"]
[BlackTeamCountry "GER"]

1. d4 Nf6 2. Nf3 g6 3. c4 Bg7 4. Nc3 d5 5. Bf4 0-0 6. Rc1 c6 7. e3 Be6 8. Ng5 Bf5 9. Be2 h6 10. Nf3 dxc4 11. Bxc4 Nbd7 12. h3 Nb6 13. Bb3 Nfd5 14. Be5 Nxc3 15. bxc3 Be4 16. Bxg7 Kxg7 17. 0-0 Rc8 18. Ne5 f6 19. Nd3 Bxd3 20. Qxd3 c5 21. Qe4 Rc7 22. h4 Qd6 23. Rfd1 c4 24. Bc2 f5 25. Qe5+ Qxe5 26. dxe5 Rc5 27. f4 Nd5 28. Kf2 e6 29. a4 Nxc3 30. Rd6 b5 31. axb5 Nxb5 32. Rxe6 Rf7 33. g4 Nc7 34. Rd6 Rd5 35. h5 Rxd6 36. exd6 Nb5 37. hxg6 Rd7 38. Bxf5 Rxd6 39. Rxc4 a5 40. Rc5 1-0